[Event "27.Autunno M.Monticelli B"]
[Site "Venezia"]
[Date "2023.10.14"]
[Round "3.10"]
[White "Arcudi, Gioele"]
[Black "Piovesan, Sara"]
[Result "0-1"]
[WhiteElo "1413"]
[BlackElo "1235"]
[Annotator "Ballarin,Gabriele"]
[PlyCount "32"]
[EventDate "2023.10.13"]
[EventType "swiss"]
[EventRounds "5"]
[EventCountry "ITA"]

1. e4 e6 2. d4 d5 3. Nd2 Nf6 4. e5 Nfd7 5. Bd3 c5 6. c3 cxd4 7. cxd4 Nc6 8. Ne2 Be7 9. Nf3 f6 10. exf6 Nxf6 11. O-O O-O 12. Bf4 Bd6 13. Ne5 Bxe5 14. dxe5 Nh5 15. Qd2 Nxf4 16. Nxf4 Qg5 0-1

[Event "27.Autunno M.Monticelli B"]
[Site "Venezia"]
[Date "2023.10.14"]
[Round "3.11"]
[White "Sorgi, Franco"]
[Black "Adel, Sarah"]
[Result "1/2-1/2"]
[WhiteElo "1207"]
[BlackElo "1399"]
[Annotator "Ballarin,Gabriele"]
[PlyCount "74"]
[EventDate "2023.10.13"]
[EventType "swiss"]
[EventRounds "5"]
[EventCountry "ITA"]

1. e4 c5 2. Bc4 e6 3. Nc3 a6 4. a3 Qc7 5. Nf3 b5 6. Be2 Nc6 7. d3 Bb7 8. O-O Nf6 9. Bg5 Be7 10. Re1 O-O-O 11. Bh4 d5 12. Bg3 Bd6 13. exd5 exd5 14. Bxd6 Rxd6 15. d4 c4 16. Ne5 Re8 17. Bg4+ Nxg4 18. Qxg4+ Kd8 19. Nxc6+ Bxc6 20. Rxe8+ Bxe8 21. Qxg7 f5 22. Qg5+ Qe7 23. Qxe7+ Kxe7 24. Re1+ Re6 25. Rxe6+ (25. Nxd5+ Kd6 26. Rxe6+ Kxe6 27. Nc7+ (27. Nf4+)) 25... Kxe6 26. f4 a5 27. Ne2 b4 28. axb4 axb4 29. c3 b3 30. Kf2 Kf6 31. Ng1 h6 32. Nf3 Bd7 33. Ne5 Be8 34. g3 Kg7 35. h4 h5 36. Nf3 Kf6 37. Ng5 Bg6 1/2-1/2

[Event "27.Autunno M.Monticelli B"]
[Site "Venezia"]
[Date "2023.10.14"]
[Round "3.12"]
[White "Amadardo, Matteo"]
[Black "Salgado, David"]
[Result "0-1"]
[WhiteElo "1390"]
[BlackElo "999"]
[Annotator "Ballarin,Gabriele"]
[PlyCount "58"]
[EventDate "2023.10.13"]
[EventType "swiss"]
[EventRounds "5"]
[EventCountry "ITA"]

1. c4 d5 2. cxd5 Qxd5 3. Nc3 Qd8 4. Nf3 Nf6 5. g3 Bf5 6. Bg2 Nc6 7. Qb3 Rb8 8. d3 e6 9. O-O Bc5 10. Bg5 h6 11. Bf4 Bb6 12. Qa3 Qe7 13. Nb5 Qxa3 14. Nxa3 Nd5 15. Bd2 Nf6 16. Nc4 O-O 17. Nxb6 axb6 18. Rac1 Rfd8 19. Rfd1 Rd7 20. Bc3 Nh7 21. Ne5 Nxe5 22. Bxe5 Ra8 23. Bxc7 Rxa2 24. Be5 f6 25. Rc8+ Kf7 26. Bc3 e5 27. Rb8 e4 28. d4 b5 29. Rd2 Ra1+ 0-1

[Event "27.Autunno M.Monticelli B"]
[Site "Venezia"]
[Date "2023.10.14"]
[Round "3.13"]
[White "Franco Tevez Inti, Mahatma"]
[Black "Gambarotto, Paolo"]
[Result "0-1"]
[WhiteElo "1047"]
[BlackElo "1382"]
[Annotator "Ballarin,Gabriele"]
[PlyCount "132"]
[EventDate "2023.10.13"]
[EventType "swiss"]
[EventRounds "5"]
[EventCountry "ITA"]

1. e4 c6 2. d4 d5 3. exd5 cxd5 4. Nf3 Nf6 5. Bb5+ Bd7 6. Bxd7+ Nbxd7 7. Nc3 e6 8. O-O a6 9. Bf4 b5 10. a3 h6 11. Ne2 Ne4 12. Ng3 Ndf6 13. Nd2 Bd6 14. Bxd6 Qxd6 15. Re1 Nxg3 16. fxg3 O-O 17. Re5 Nd7 18. Re1 Qb6 19. c3 e5 20. Nf3 e4 21. Nh4 Ne5 22. Kh1 Nd3 23. Re2 f5 24. Ng6 Qxg6 25. Qb3 Rad8 26. Rf1 Kh7 27. Qc2 Rf6 28. Qd2 Rdf8 29. Qc2 f4 30. gxf4 Rxf4 31. Rxf4 Rxf4 32. Kg1 Qf5 33. Qd1 Nf2 34. Qa1 Ng4 35. h3 Nf2 36. Qb1 Nd3 37. Qd1 Rf2 38. Re3 Nxb2 39. Qe1 Nd3 40. Rxd3 Rxg2+ 41. Kxg2 exd3 42. Qd2 Qe4+ 43. Kf2 g5 44. Qe3 Kg6 45. Qd2 Kf5 46. Qe3 Qxe3+ 47. Kxe3 d2 48. Kxd2 Kf4 49. Kc2 Kg3 50. a4 Kxh3 51. Kb3 g4 52. Kb4 g3 53. axb5 axb5 54. Kxb5 g2 55. Kc5 g1=Q 56. Kxd5 Kg4 57. c4 Kf5 58. c5 Qe3 59. Kc4 Ke4 60. d5 Qd4+ 61. Kb5 Kxd5 62. c6 Qc5+ 63. Ka6 Qxc6+ 64. Ka7 Qb5 65. Ka8 Kc6 66. Ka7 Qb7# 0-1

[Event "27.Autunno M.Monticelli B"]
[Site "Venezia"]
[Date "2023.10.14"]
[Round "3.14"]
[White "Schievano, Massimiliano"]
[Black "Zanon, Michele"]
[Result "1-0"]
[WhiteElo "999"]
[BlackElo "1364"]
[Annotator "Ballarin,Gabriele"]
[PlyCount "85"]
[EventDate "2023.10.13"]
[EventType "swiss"]
[EventRounds "5"]
[EventCountry "ITA"]

1. d4 Nf6 2. c4 c5 3. d5 b5 4. cxb5 a6 5. bxa6 Bxa6 6. Nc3 d6 7. e4 Bxf1 8. Kxf1 Nbd7 9. g3 g6 10. Nf3 Bg7 11. h3 O-O 12. Kg2 Qc7 13. Re1 Rfb8 14. Qc2 Rb7 15. Nd2 Ne5 16. f4 Ned7 17. Nc4 Nb6 18. Nxb6 Rxb6 19. a4 Nd7 20. Bd2 Rab8 21. Nb5 Qc8 22. Bc3 Nf6 23. Qd2 Qb7 24. g4 e6 25. Ba5 Rxb5 26. axb5 exd5 27. exd5 Nxd5 28. Kg3 Bd4 29. Bc3 Bxc3 30. bxc3 Rd8 31. Rad1 Nb6 32. Qg2 d5 33. Qe2 Rd7 34. Qe8+ Kg7 35. Qe5+ Kg8 36. Qf6 Qb8 37. Re7 Rd6 38. Qg5 Kg7 39. Rde1 Nc4 40. Re8 Qxb5 41. Qe7 Qb2 42. Qf8+ Kf6 43. Qh8# 1-0

[Event "27.Autunno M.Monticelli B"]
[Site "Venezia"]
[Date "2023.10.14"]
[Round "3.15"]
[White "Carboni, Giacomo"]
[Black "Steffinlongo, Anastasia"]
[Result "1-0"]
[WhiteElo "1323"]
[BlackElo "999"]
[Annotator "Ballarin,Gabriele"]
[PlyCount "69"]
[EventDate "2023.10.13"]
[EventType "swiss"]
[EventRounds "5"]
[EventCountry "ITA"]

1. g4 c5 2. Bg2 Nc6 3. c4 d6 4. e3 e5 5. Nc3 Be6 6. d3 Nge7 7. h3 Nc8 8. Nge2 Be7 9. b3 O-O 10. Bb2 f5 11. f4 Bh4+ 12. Kd2 Be7 13. gxf5 Bxf5 14. Nd5 exf4 15. Nxe7+ N8xe7 16. Nxf4 Kh8 17. Qe1 Ng8 18. Qg3 Nf6 19. Rag1 Rf7 20. Bd5 Re7 21. Ne6 Bxe6 22. Bxe6 Ne5 23. Bd5 Nxd5 24. cxd5 Qa5+ 25. Kc2 Kg8 26. Rg2 g6 27. h4 Rf8 28. h5 Rf3 29. Qg5 Ref7 30. Rhh2 Qe1 31. Re2 Qg3 32. Qd8+ Rf8 33. Qxd6 Nf7 34. Qe6 gxh5 35. Rhg2 1-0

[Event "27.Autunno M.Monticelli B"]
[Site "Venezia"]
[Date "2023.10.14"]
[Round "3.16"]
[White "Pisnyy, Massimo"]
[Black "Amadei, Beatrice"]
[Result "0-1"]
[WhiteElo "999"]
[BlackElo "1081"]
[Annotator "Ballarin,Gabriele"]
[PlyCount "62"]
[EventDate "2023.10.13"]
[EventType "swiss"]
[EventRounds "5"]
[EventCountry "ITA"]

1. e4 c5 2. d4 cxd4 3. c3 dxc3 4. Nxc3 e6 5. Nf3 Nc6 6. e5 d6 7. Bb5 d5 8. O-O Nge7 9. Bg5 a6 10. Bxc6+ bxc6 11. Na4 Bd7 12. Nc5 Qc7 13. b4 Ng6 14. Re1 a5 15. a3 h6 16. Bh4 Nxh4 17. Nxh4 Be7 18. Qh5 O-O 19. Nf3 f6 20. Rac1 fxe5 21. Nxd7 Qxd7 22. Nxe5 Qa7 23. Nxc6 Qxf2+ 24. Kh1 Bg5 25. Rb1 axb4 26. axb4 Ra2 27. Qh3 Rb2 28. Qxe6+ Kh8 29. Qxd5 Rxb1 30. Rxb1 Qf1+ 31. Rxf1 Rxf1# 0-1

[Event "27.Autunno M.Monticelli B"]
[Site "Venezia"]
[Date "2023.10.14"]
[Round "3.17"]
[White "Piovesan, Alberto"]
[Black "Zanon, Dante"]
[Result "1-0"]
[WhiteElo "1247"]
[BlackElo "1126"]
[Annotator "Ballarin,Gabriele"]
[PlyCount "35"]
[EventDate "2023.10.13"]
[EventType "swiss"]
[EventRounds "5"]
[EventCountry "ITA"]

1. d4 d5 2. c4 e6 3. Nc3 Nf6 4. e3 Nbd7 5. Nf3 Bb4 6. a3 Be7 7. b4 dxc4 8. Bxc4 Nb6 9. Bd3 O-O 10. O-O Re8 11. Qc2 Bd6 12. Nb5 Nbd5 13. e4 Nxe4 14. Bxe4 c6 15. Nxd6 Qxd6 16. Bxh7+ Kf8 17. Bd3 Ke7 18. Qc5 1-0

[Event "27.Autunno M.Monticelli B"]
[Site "Venezia"]
[Date "2023.10.14"]
[Round "3.18"]
[White "Patron, Cristobal"]
[Black "Ghezzo, Sebastiano"]
[Result "1-0"]
[WhiteElo "1227"]
[BlackElo "999"]
[Annotator "Ballarin,Gabriele"]
[PlyCount "113"]
[EventDate "2023.10.13"]
[EventType "swiss"]
[EventRounds "5"]
[EventCountry "ITA"]

1. e4 e5 2. Nf3 Nc6 3. Bc4 Bc5 4. c3 Nf6 5. d4 exd4 6. cxd4 Bb4+ 7. Bd2 Bxd2+ 8. Nbxd2 O-O 9. O-O d5 10. exd5 Nxd5 11. Qb3 Nf6 12. Qd3 b6 13. Ne4 Bf5 14. Nxf6+ Qxf6 15. Qc3 Rad8 16. Rfd1 Bg4 17. d5 Bxf3 18. Qxf6 gxf6 19. gxf3 Na5 20. Bb3 Nxb3 21. axb3 Rfe8 22. Rxa7 Rd7 23. Rc1 Red8 24. Raxc7 Rxc7 25. Rxc7 Rxd5 26. Rb7 b5 27. Kf1 Kg7 28. Ke2 Kg6 29. Ke3 Rh5 30. h4 Rxh4 31. Rxb5 Rh1 32. Rc5 h5 33. Kf4 Rh4+ 34. Kg3 Rb4 35. Rc3 f5 36. f4 Kh6 37. Rf3 Rb5 38. Kh4 Rb6 39. Rc3 Rb4 40. Rf3 Rd4 41. Rc3 f6 42. Kg3 Rd2 43. Rc6 Rd3+ 44. f3 Kg6 45. Rc3 Rd2 46. Rc8 Rxb2 47. Rb8 Rb1 48. b4 Kg7 49. b5 Rb2 50. b6 Kg6 51. b7 Kg7 52. Kh3 Rb3 53. Kh4 Rxf3 54. Rg8+ Kxg8 55. b8=Q+ Kg7 56. Qb7+ Kg6 57. Qxf3 1-0

[Event "27.Autunno M.Monticelli B"]
[Site "Venezia"]
[Date "2023.10.14"]
[Round "3.19"]
[White "Tatulli Uva, Alberto"]
[Black "Scandiuzzi, Roberto"]
[Result "1-0"]
[WhiteElo "1025"]
[BlackElo "1206"]
[Annotator "Ballarin,Gabriele"]
[PlyCount "121"]
[EventDate "2023.10.13"]
[EventType "swiss"]
[EventRounds "5"]
[EventCountry "ITA"]

1. e4 c6 2. d3 d5 3. Bf4 dxe4 4. dxe4 Qxd1+ 5. Kxd1 Nd7 6. f3 e5 7. Bg3 Bc5 8. Bd3 Ne7 9. Ne2 O-O 10. h4 h5 11. Nbc3 Nb6 12. Bxe5 f5 13. a3 fxe4 14. Nxe4 Be3 15. Bd4 Bxd4 16. Nxd4 Nbd5 17. Ne2 Bf5 18. Kd2 Rad8 19. Nf2 Bxd3 20. Nxd3 b6 21. c4 Nc7 22. Kc3 c5 23. Rad1 Nf5 24. Nf2 Rde8 25. Rd2 Re3+ 26. Kc2 Ne6 27. Ne4 Ned4+ 28. Nxd4 Nxd4+ 29. Kd1 Nf5 30. Re2 Rd8+ 31. Ke1 Red3 32. Rd2 Re3+ 33. Kf2 Red3 34. Rc2 R3d7 35. g3 Nd4 36. Rc3 Rf7 37. Re1 Rdf8 38. Ng5 Rd7 39. Rd3 Rb7 40. Ne6 Nxe6 41. Rxe6 Rbf7 42. Re5 g6 43. Rg5 Kg7 44. Rd6 Rf6 45. Rxf6 Rxf6 46. Rd5 Rf7 47. f4 Rf5 48. Rd7+ Rf7 49. Rxf7+ Kxf7 50. Ke3 Ke6 51. Ke4 a6 52. a4 a5 53. b3 Kf6 54. Kd5 Kf5 55. Kc6 Kg4 56. Kxb6 Kxg3 57. Kxa5 Kxh4 58. Kb5 Kg4 59. a5 h4 60. a6 h3 61. a7 1-0

[Event "27.Autunno M.Monticelli B"]
[Site "Venezia"]
[Date "2023.10.15"]
[Round "4.1"]
[White "Lenzing, Raphael"]
[Black "Velluti, Alberto"]
[Result "0-1"]
[WhiteElo "1439"]
[BlackElo "1718"]
[Annotator "Ballarin,Gabriele"]
[PlyCount "104"]
[EventDate "2023.10.13"]
[EventType "swiss"]
[EventRounds "5"]
[EventCountry "ITA"]

1. e4 e5 2. Nf3 Nc6 3. Bb5 Nf6 4. d3 d6 5. c3 Be7 6. h3 O-O 7. O-O Bd7 8. Re1 Na5 9. Ba4 Bxa4 10. Qxa4 b6 11. b4 Nb7 12. Qc6 Rb8 13. Nbd2 a5 14. Bb2 Qc8 15. Rac1 Nd8 16. Qa4 Ne6 17. d4 exd4 18. Nxd4 Ra8 19. Nc6 Qd7 20. b5 Nc5 21. Qc2 Rfe8 22. c4 h6 23. Kh1 Ne6 24. Nf3 Nf4 25. Qd2 Ng6 26. Nfd4 Bf8 27. f3 Ne5 28. Nf5 Nxc6 29. Bxf6 Ne5 30. Bxe5 Rxe5 31. f4 Ree8 32. Rcd1 Qe6 33. Qd5 Qf6 34. g4 g6 35. e5 dxe5 36. fxe5 Qg5 37. e6 Kh7 38. Qd7 gxf5 39. Qxf7+ Bg7 40. gxf5 Re7 41. Rg1 Rxf7 42. Rxg5 hxg5 43. exf7 Rf8 44. Rd7 Be5 45. Kg2 Kg7 46. Kf3 Rxf7 47. Rxf7+ Kxf7 48. Ke4 Kf6 49. a3 Bb2 50. a4 Ba3 51. Kd5 Kxf5 52. Kc6 Bd6 0-1

[Event "27.Autunno M.Monticelli B"]
[Site "Venezia"]
[Date "2023.10.15"]
[Round "4.2"]
[White "Balbi, Fabio"]
[Black "Marson, Eva Jane"]
[Result "1/2-1/2"]
[WhiteElo "1622"]
[BlackElo "1621"]
[Annotator "Ballarin,Gabriele"]
[PlyCount "96"]
[EventDate "2023.10.13"]
[EventType "swiss"]
[EventRounds "5"]
[EventCountry "ITA"]

1. d4 d5 2. c4 e6 3. e3 Nf6 4. Nc3 c5 5. Nf3 Nc6 6. Bd3 Bd6 7. O-O O-O 8. a3 b6 9. b3 Bb7 10. cxd5 Nxd5 11. Nxd5 exd5 12. Bb2 Re8 13. Qc2 h6 14. Rac1 cxd4 15. exd4 Rc8 16. Qd1 Qf6 17. b4 Ne7 18. Ne5 Rxc1 19. Qxc1 Nf5 20. f4 Rc8 21. Qd2 h5 22. Qe2 g6 23. g4 Ng7 24. Qf3 h4 25. Qh3 Bxe5 26. dxe5 Qc6 27. f5 g5 28. Bd4 Re8 29. Qe3 f6 30. e6 Nxe6 31. fxe6 Rxe6 32. Qf3 Kf7 33. Qf5 Bc8 34. Qg6+ Ke7 35. Qg7+ Kd6 36. Bxf6 Qd7 37. Qf8+ Kc7 38. Rc1+ Kb7 39. Bf5 Qe8 40. Qg7+ Bd7 41. Bxe6 Qxe6 42. Qxg5 Qe4 43. Bd8 h3 44. Qd2 Qxg4+ 45. Kf2 Qg2+ 46. Ke1 Qg1+ 47. Ke2 Qg2+ 48. Ke1 Qg1+ 1/2-1/2

[Event "27.Autunno M.Monticelli B"]
[Site "Venezia"]
[Date "2023.10.15"]
[Round "4.3"]
[White "Tona, Leonardo"]
[Black "Baymani, Soroush"]
[Result "0-1"]
[WhiteElo "1423"]
[BlackElo "1642"]
[Annotator "Ballarin,Gabriele"]
[PlyCount "74"]
[EventDate "2023.10.13"]
[EventType "swiss"]
[EventRounds "5"]
[EventCountry "ITA"]

1. e4 g6 2. d4 Bg7 3. Nf3 d6 4. Bf4 c5 5. c3 Nd7 6. a4 a6 7. Nbd2 Ngf6 8. Bc4 O-O 9. Qb3 Rb8 10. O-O cxd4 11. cxd4 Ne8 12. Ng5 e6 13. Bxe6 fxe6 14. Nxe6 Qb6 15. Qxb6 Nxb6 16. Nxf8 Kxf8 17. Nf3 Bg4 18. Rfd1 Rc8 19. Be3 Nc4 20. Rdc1 Nxb2 21. Rcb1 Nc4 22. Rxb7 Nf6 23. h3 Be6 24. e5 dxe5 25. dxe5 Nd5 26. Bd4 Nf4 27. Kf1 Bd5 28. Ra7 Bxf3 29. gxf3 Nd2+ 30. Kg1 Nxf3+ 31. Kh1 Nxd4 32. Rxa6 Rc3 33. f3 Rxf3 34. Rb1 Bxe5 35. Ra8+ Kg7 36. a5 Nde2 37. a6 Rxh3# 0-1

[Event "27.Autunno M.Monticelli B"]
[Site "Venezia"]
[Date "2023.10.15"]
[Round "4.4"]
[White "Khalamivskiy, Mykhailo"]
[Black "De Bona, Filippo"]
[Result "0-1"]
[WhiteElo "1373"]
[BlackElo "1624"]
[Annotator "Ballarin,Gabriele"]
[PlyCount "46"]
[EventDate "2023.10.13"]
[EventType "swiss"]
[EventRounds "5"]
[EventCountry "ITA"]

1. e4 c5 2. Nf3 Nc6 3. d4 cxd4 4. Nxd4 e5 5. Nxc6 bxc6 6. Nc3 Nf6 7. Bd3 Bb4 8. Bd2 O-O 9. O-O d5 10. exd5 cxd5 11. a3 Bd6 12. Nxd5 Nxd5 13. Be4 Be6 14. Qf3 Be7 15. c4 Nb6 16. Bxa8 Qxd2 17. Bd5 Bxd5 18. cxd5 Qxd5 19. Qg3 Bc5 20. Rfd1 Bd4 21. Kh1 Nc4 22. b3 Nd6 23. Rab1 Ne4 0-1

[Event "27.Autunno M.Monticelli B"]
[Site "Venezia"]
[Date "2023.10.15"]
[Round "4.5"]
[White "Alessandrini, Alfredo"]
[Black "Carboni, Giacomo"]
[Result "1-0"]
[WhiteElo "1608"]
[BlackElo "1323"]
[Annotator "Ballarin,Gabriele"]
[PlyCount "99"]
[EventDate "2023.10.13"]
[EventType "swiss"]
[EventRounds "5"]
[EventCountry "ITA"]

1. e4 e5 2. Nf3 Nc6 3. d4 exd4 4. Nxd4 Bc5 5. Nb3 Bb6 6. Bc4 d6 7. O-O Nf6 8. Bg5 h6 9. Bh4 Ne5 10. Bd3 O-O 11. Nc3 Bg4 12. Qd2 Nxe4 13. Bxe4 Qxh4 14. Bxb7 Rad8 15. Qf4 Ng6 16. Qg3 Qxg3 17. hxg3 Bf5 18. Rac1 Be6 19. Bd5 Ne7 20. Bxe6 fxe6 21. Na4 e5 22. Nxb6 axb6 23. Rcd1 d5 24. Rfe1 Ng6 25. Rd2 c5 26. c3 Rfe8 27. Rde2 Kf7 28. Nd2 Ra8 29. a3 e4 30. f3 exf3 31. gxf3 Rxe2 32. Rxe2 Ne7 33. Kf2 g5 34. Re1 Rd8 35. Nb3 Rd6 36. Re2 Re6 37. Rd2 Kf6 38. Rd1 Kf5 39. a4 c4 40. Nd4+ Kf6 41. Nxe6 Kxe6 42. Rh1 Ng8 43. Ke3 Ke5 44. f4+ gxf4+ 45. gxf4+ Kf5 46. Rh5+ Ke6 47. Kd4 Nf6 48. Rxh6 Kf5 49. Rxf6+ Kxf6 50. Kxd5 1-0

[Event "27.Autunno M.Monticelli B"]
[Site "Venezia"]
[Date "2023.10.15"]
[Round "4.6"]
[White "Gambarotto, Paolo"]
[Black "Rossi, Gianni"]
[Result "1-0"]
[WhiteElo "1382"]
[BlackElo "1495"]
[Annotator "Ballarin,Gabriele"]
[PlyCount "43"]
[EventDate "2023.10.13"]
[EventType "swiss"]
[EventRounds "5"]
[EventCountry "ITA"]

1. d4 g6 2. Bf4 Bg7 3. e4 d6 4. Nc3 Nf6 5. Qd2 h6 6. O-O-O a6 7. f3 b5 8. a3 Nbd7 9. g4 Nb6 10. h4 Nfd7 11. e5 Nf8 12. Bd3 Ne6 13. Be3 Bb7 14. d5 Nc5 15. Bxc5 dxc5 16. e6 f5 17. gxf5 Nxd5 18. Nxd5 Bxd5 19. f6 Bxf6 20. Bxg6+ Kf8 21. Qxd5 Bxb2+ 22. Kxb2 1-0

[Event "27.Autunno M.Monticelli B"]
[Site "Venezia"]
[Date "2023.10.15"]
[Round "4.7"]
[White "Grendene, Luca"]
[Black "Cedriano, Mattia"]
[Result "1-0"]
[WhiteElo "1488"]
[BlackElo "1269"]
[Annotator "Ballarin,Gabriele"]
[PlyCount "69"]
[EventDate "2023.10.13"]
[EventType "swiss"]
[EventRounds "5"]
[EventCountry "ITA"]

1. d4 Nf6 2. c4 e6 3. Nf3 b6 4. g3 Bb7 5. Bg2 Bb4+ 6. Bd2 Bxd2+ 7. Nbxd2 O-O 8. O-O d5 9. Qc2 Nc6 10. Rfd1 Rc8 11. a3 Ne7 12. c5 Re8 13. b4 c6 14. Ne5 Nd7 15. Nxd7 Qxd7 16. e4 f6 17. Bf1 Qc7 18. Bd3 g6 19. f4 e5 20. Rf1 Kg7 21. dxe5 fxe5 22. fxe5 Qxe5 23. Nf3 Qc7 24. Qc3+ Kg8 25. Ng5 Qd7 26. Qf6 Rf8 27. Nf7 Rxf7 28. Qxf7+ Kh8 29. exd5 cxd5 30. Bb5 Qg4 31. Qxe7 Qd4+ 32. Kg2 Qd2+ 33. Qe2 d4+ 34. Kg1 Qh6 35. Qe5+ 1-0

[Event "27.Autunno M.Monticelli B"]
[Site "Venezia"]
[Date "2023.10.15"]
[Round "4.8"]
[White "Piovesan, Sara"]
[Black "Rizzo, Nicodemo"]
[Result "1-0"]
[WhiteElo "1235"]
[BlackElo "1482"]
[Annotator "Ballarin,Gabriele"]
[PlyCount "85"]
[EventDate "2023.10.13"]
[EventType "swiss"]
[EventRounds "5"]
[EventCountry "ITA"]

1. d4 Nf6 2. Bf4 d5 3. e3 e6 4. c3 Be7 5. Nf3 c5 6. Bd3 Nc6 7. Nbd2 Bd7 8. h3 cxd4 9. exd4 a6 10. a4 Rc8 11. Ne5 O-O 12. g4 Nxe5 13. dxe5 Ne4 14. Nxe4 dxe4 15. Bxe4 Bc6 16. Qxd8 Rfxd8 17. Bxc6 Rxc6 18. Ke2 Rc4 19. Be3 Rd5 20. Bd4 g6 21. b3 Rc6 22. Rhd1 Rd8 23. f4 Rdc8 24. c4 Kf8 25. Rd3 Ke8 26. Rad1 Rd8 27. Kf3 Bh4 28. g5 b5 29. cxb5 axb5 30. axb5 Rc2 31. Be3 Rdc8 32. b6 Rb8 33. Rd7 Rc3 34. Rc7 Rxb3 35. Rdd7 R8xb6 36. Rxf7 Be1 37. Ke2 Ba5 38. Bxb6 Rb2+ 39. Kd1 Rxb6 40. Ra7 Bb4 41. Rxh7 Bc5 42. Ra8+ Rb8 43. Rxb8# 1-0

[Event "27.Autunno M.Monticelli B"]
[Site "Venezia"]
[Date "2023.10.15"]
[Round "4.9"]
[White "Salgado, David"]
[Black "Lobina, Riccardo Marco"]
[Result "0-1"]
[WhiteElo "999"]
[BlackElo "1437"]
[Annotator "Ballarin,Gabriele"]
[PlyCount "54"]
[EventDate "2023.10.13"]
[EventType "swiss"]
[EventRounds "5"]
[EventCountry "ITA"]

1. d4 Nf6 2. Nf3 e6 3. Bf4 d5 4. e3 Bd6 5. Bxd6 Qxd6 6. Bd3 O-O 7. c3 b6 8. Nbd2 Ba6 9. Qe2 Bxd3 10. Qxd3 c5 11. c4 Nc6 12. a3 Rfe8 13. O-O Rad8 14. Rad1 cxd4 15. exd4 h6 16. b4 dxc4 17. Nxc4 Qb8 18. b5 Nxd4 19. Nxd4 e5 20. Nxe5 Qxe5 21. Rfe1 Qxe1+ 22. Qf1 Qxd1 23. Qxd1 Rxd4 24. Qa1 Red8 25. g3 Rd1+ 26. Qxd1 Rxd1+ 27. Kg2 Ra1 0-1

[Event "27.Autunno M.Monticelli B"]
[Site "Venezia"]
[Date "2023.10.15"]
[Round "4.10"]
[White "Adel, Sarah"]
[Black "Schievano, Massimiliano"]
[Result "1-0"]
[WhiteElo "1399"]
[BlackElo "999"]
[Annotator "Ballarin,Gabriele"]
[PlyCount "77"]
[EventDate "2023.10.13"]
[EventType "swiss"]
[EventRounds "5"]
[EventCountry "ITA"]

1. e4 c6 2. Nf3 d5 3. Nc3 Bg4 4. h3 Bxf3 5. Qxf3 e6 6. exd5 cxd5 7. Bb5+ Nd7 8. O-O Ngf6 9. Re1 Be7 10. d4 O-O 11. g4 Ne8 12. Bd3 Rc8 13. Qe3 Nb6 14. Ne2 Nc4 15. Bxc4 Rxc4 16. c3 Nd6 17. Ng3 b5 18. Nf5 a5 19. Nxd6 Qxd6 20. f4 Bh4 21. Re2 b4 22. Bd2 bxc3 23. Bxc3 a4 24. a3 Re8 25. g5 f6 26. Rg2 fxg5 27. fxg5 Rf8 28. Bb4 Rxb4 29. axb4 Rf4 30. Rf1 Rxf1+ 31. Kxf1 Qf8+ 32. Ke2 Qf5 33. Kd2 Kf7 34. Rg4 Bf2 35. Qd3 Kg6 36. Qxf5+ Kxf5 37. b5 e5 38. b6 Bxd4 39. Rxd4 1-0

[Event "27.Autunno M.Monticelli B"]
[Site "Venezia"]
[Date "2023.10.15"]
[Round "4.11"]
[White "Rignanese, Michele"]
[Black "Sorgi, Franco"]
[Result "0-1"]
[WhiteElo "1368"]
[BlackElo "1207"]
[Annotator "Ballarin,Gabriele"]
[PlyCount "106"]
[EventDate "2023.10.13"]
[EventType "swiss"]
[EventRounds "5"]
[EventCountry "ITA"]

1. e4 e5 2. Nf3 Nc6 3. d4 exd4 4. Nxd4 Nxd4 5. Qxd4 d6 6. Nc3 Be6 7. Be3 Nf6 8. f3 Be7 9. O-O-O O-O 10. h4 Nh5 11. Bf2 f5 12. exf5 c5 13. Qd2 Bf7 14. g4 Nf6 15. g5 Nd7 16. f6 gxf6 17. gxf6 Nxf6 18. Rg1+ Kh8 19. Bd3 Ng8 20. Kb1 Bh5 21. Be4 Bxf3 22. Bxf3 Rxf3 23. Qe2 Qf8 24. Rdf1 Rf7 25. Nd5 Re8 26. Qd3 Rxf2 27. Re1 Rf7 28. Nc7 Rd8 29. Ne6 Qe8 30. Nxd8 Qxd8 31. Qd5 Rg7 32. Qxb7 Bf6 33. Rxg7 Bxg7 34. Rg1 Qf6 35. a3 Qd4 36. Rg2 c4 37. c3 Qf6 38. Qe4 Qf7 39. Rd2 Be5 40. Rd5 Nf6 41. Qxc4 Qxd5 42. Qc8+ Ng8 43. Qc7 Qc5 44. Qf7 Qb6 45. Kc2 a5 46. h5 a4 47. Qe6 Qe3 48. Qd7 Qe2+ 49. Kb1 Qd1+ 50. Ka2 Qb3+ 51. Ka1 Bxc3 52. bxc3 Qxc3+ 53. Kb1 Qb3+ 0-1

[Event "27.Autunno M.Monticelli B"]
[Site "Venezia"]
[Date "2023.10.15"]
[Round "4.12"]
[White "Hernandez Proto, Maria Angelina"]
[Black "Amadei, Beatrice"]
[Result "1/2-1/2"]
[WhiteElo "1494"]
[BlackElo "1081"]
[Annotator "Ballarin,Gabriele"]
[PlyCount "57"]
[EventDate "2023.10.13"]
[EventType "swiss"]
[EventRounds "5"]
[EventCountry "ITA"]

1. d4 Nf6 2. c4 g6 3. Nc3 Bg7 4. e4 d6 5. Be2 Nbd7 6. f4 e5 7. fxe5 dxe5 8. d5 O-O 9. Bg5 Re8 10. Nf3 h6 11. Bh4 a5 12. Qc2 b6 13. g4 g5 14. Bg3 Nxg4 15. Qd2 Ngf6 16. O-O-O Nc5 17. Qe3 Ncd7 18. Rdg1 Nh7 19. h4 f6 20. hxg5 fxg5 21. Nb5 Ba6 22. Kb1 Bxb5 23. cxb5 Rc8 24. Qc3 Qf6 25. Rf1 Qe7 26. Bc4 Kh8 27. Bf2 Ndf6 28. Nd2 Nd7 29. Be3 1/2-1/2

[Event "27.Autunno M.Monticelli B"]
[Site "Venezia"]
[Date "2023.10.15"]
[Round "4.13"]
[White "Destro, Andrea"]
[Black "Arcudi, Gioele"]
[Result "0-1"]
[WhiteElo "999"]
[BlackElo "1413"]
[Annotator "Ballarin,Gabriele"]
[PlyCount "54"]
[EventDate "2023.10.13"]
[EventType "swiss"]
[EventRounds "5"]
[EventCountry "ITA"]

1. e4 e6 2. d4 d5 3. e5 c5 4. c3 Nc6 5. Nf3 Bd7 6. Bd3 Qb6 7. O-O cxd4 8. Re1 Rc8 9. Ng5 Bc5 10. Qh5 Nh6 11. Nxh7 dxc3 12. Re2 Nb4 13. Bxh6 gxh6 14. Qxh6 Nxd3 15. Nf6+ Ke7 16. Qg5 Bxf2+ 17. Kf1 Bh4 18. Nxd5+ Ke8 19. Nxb6 Bxg5 20. Nxc3 axb6 21. Rd1 Nxb2 22. Rb1 Rxc3 23. Rbxb2 Rc1+ 24. Kf2 Be7 25. h3 Bc5+ 26. Kf3 Bc6+ 27. Kf4 Rf1+ 0-1

[Event "27.Autunno M.Monticelli B"]
[Site "Venezia"]
[Date "2023.10.15"]
[Round "4.14"]
[White "Tatulli Uva, Alberto"]
[Black "Amadardo, Matteo"]
[Result "1-0"]
[WhiteElo "1025"]
[BlackElo "1390"]
[Annotator "Ballarin,Gabriele"]
[PlyCount "83"]
[EventDate "2023.10.13"]
[EventType "swiss"]
[EventRounds "5"]
[EventCountry "ITA"]

1. e4 e6 2. d4 d5 3. e5 c5 4. c3 Nc6 5. Nf3 Bd7 6. Bb5 Nxe5 7. Bxd7+ Nxd7 8. Qb3 Qc7 9. O-O Ngf6 10. Be3 c4 11. Qc2 Be7 12. Nbd2 h6 13. h3 O-O 14. Rfe1 b5 15. a3 a5 16. Nf1 b4 17. a4 b3 18. Qe2 Nb6 19. Ne5 Nfd7 20. Nxd7 Qxd7 21. Qg4 Bf6 22. Bxh6 Nxa4 23. Reb1 Rfe8 24. Ng3 g6 25. Nh5 Be7 26. Be3 {=} Nb6 27. Nf4 e5 28. Qxd7 Nxd7 29. Nxd5 exd4 30. Bxd4 Bd6 31. Ra4 Re2 32. Rxc4 Ne5 33. Bxe5 Bxe5 34. Ne7+ Kg7 35. Nc6 Re8 36. Nxa5 Bd6 37. Kf1 Rc2 38. Nxb3 Ree2 39. Nd4 Rxf2+ 40. Ke1 Rcd2 41. Nf3 Rxg2 42. Nxd2 1-0